Normas de reconocimiento de suelos /
Guardado en:
| Autor Principal: | |
|---|---|
| Formato: | Libro |
| Publicado: |
Castelar :
Centro Nacional de Investigaciones Agropecuarias,
1982
|
| Edición: | 2a. ed. |
| Materias: | |
| Etiquetas: |
Agregar Etiqueta
Sin Etiquetas, Sea el primero en etiquetar este registro!
|
| LEADER | 00562nam a22001935a 4500 | ||
|---|---|---|---|
| 001 | CEM.cems002365 | ||
| 005 | 20090611104544.0 | ||
| 008 | 130507s1982##################000#0#####d | ||
| 003 | CEMS | ||
| 082 | 0 | 4 | |a 631.4 |
| 100 | 1 | |a Etchevehere, Pedro H. | |
| 245 | 1 | 0 | |a Normas de reconocimiento de suelos / |
| 250 | |a 2a. ed. | ||
| 260 | |a Castelar : |b Centro Nacional de Investigaciones Agropecuarias, |c 1982 | ||
| 300 | |a 211 p. | ||
| 653 | |a Agricultura | ||
| 653 | |a Suelos | ||
| 653 | |a Suelos-reconocimiento | ||
| 859 | |a CEMS |b BIB. CEMS - 11 de abril |h 631.4 |i Et18a2 |p 11975.83 |t Ej.1 | ||
